LEADER 01110nam0-2200325 --450 001 9910312147303321 005 20190314105149.0 010 $a978-88-6728-913-4 100 $a20190314d2018----kmuy0itay5050 ba 101 0 $aeng$aita 102 $aIT 105 $aa 001yy 200 1 $aRe-thinking, re-making, re-living christian origins$fedited by Ivan Foletti ... [et al.]$gwith the collaboration of Sabina Rosenbergová 210 $aRoma$cViella$d2018 215 $a467 p.$cill.$d24 cm 225 1 $aˆI ‰libri di Viella$iArte 225 1 $aÉtudes lausannoises d'histoire de l'art$v27 517 1 $aRethinking, remaking, reliving christian origins 610 0 $aArte sacra$aInflussi [della] Controriforma$aItalia$aSec. 16.-18. 676 $a704.948209450903$v23 676 $a203 702 1$aFoletti,$bIvan 702 1$aRosenbergová,$bSabina 801 0$aIT$bUNINA$gREICAT$2UNIMARC 901 $aBK 912 $a9910312147303321 952 $a704.9 FOL 1$bBIBL. 2019$fFLFBC 959 $aFLFBC 996 $aRe-thinking, re-making, re-living christian origins$91523879 997 $aUNINA